000 00307nam a2200121Ia 4500
008 190216s9999||||xx |||||||||||||| ||und||
100 _aRamalingam And Raghupalan
245 0 _aLaboratory Course In Electronics
260 _bOxford & I B H
_c1979
300 _a243p
650 _aPhysics
942 _cBK
999 _c32942
_d32942